| 000 | 00714nam a2200145Ia 4500 | ||
|---|---|---|---|
| 008 | 151213s9999 xx 000 0 und d | ||
| 100 | _aআল্লামাজালালউদ্দীন সুয়ুতী রহ: । | ||
| 245 |
_aচার ফেরেশÍার বিশ্বয়কর কাহিনী। _cআল্লামাজালালউদ্দীন সুয়ুতী রহ: । |
||
| 260 |
_aঢাকা _bসোলেমানিয়া বুক হাউস। _c2011 |
||
| 300 | _a10977 p. | ||
| 650 | _aBangla | ||
| 650 | _aইসলামী বই | ||
| 700 | _aআল্লামাজালালউদ্দীন সুয়ুতী রহ: । | ||
| 999 |
_c4949 _d4949 |
||